Statistics for Cities Closest to Kilimanjaro on the Map (East Africa)

Click here to take the quiz!

General Stats

  • This quiz has been taken 314 times
  • The average score is 7 of 11

Answers on the Map

Answers color-coded by a green-red scale on the quiz's map according to % correct below.
 

Answer Stats

DistancePopulationCountryCity% Correct
2006,448,342KenyaNairobi
98%
4504,364,541TanzaniaDar Es Salaam
91%
6401,507,114UgandaKampala
90%
8051,132,686RwandaKigali
85%
10502,425,000SomaliaMogadishu
82%
2701,500,000KenyaMombasa
79%
1080525,953South SudanJuba
78%
8851,056,169BurundiBujumbura
66%
495800,000TanzaniaMwanza
31%
4251,268,826KenyaKisumu
21%
9451,012,053DR CongoBukavu
20%

Score Distribution

Percentile by Number Answered

Percent of People with Each Score

Your Score History

You have not taken this quiz